Подробности
| 000 -МАРКЕР |
| контрольное поле |
01474nam2a2200265 4500 |
| 001 - ИДЕНТИФИКАТОР ЗАПИСИ |
| контрольное поле |
RU\NLR\BIBL_A\011133088 |
| 005 - ИДЕНТИФИКАТОР ВЕРСИИ |
| контрольное поле |
20250625210021.0 |
| 010 ## - МЕЖДУНАРОДНЫЙ СТАНДАРТНЫЙ НОМЕР КНИГИ (ISBN) |
| Номер (ISBN) |
978-5-89476-412-2 |
| Тираж |
950 |
| 021 ## - НОМЕР ГОСУДАРСТВЕННОЙ РЕГИСТРАЦИИ |
| Код страны |
Российская Федерация |
| Номер |
2016-35886 |
| Номер Листа государственной регистраци |
2304 |
| 035 ## - ДРУГИЕ СИСТЕМНЫЕ НОМЕРА |
| Идентификатор записи |
(NLR Aleph) 011133088 |
| 100 ## - ДАННЫЕ ОБЩЕЙ ОБРАБОТКИ |
| Данные общей обработки |
20160520d2015 |||y0rusy50 ca |
| 101 0# - ЯЗЫК РЕСУРСА |
| Язык текста, звукозаписи и т.д. |
русский |
| 102 ## - СТРАНА ПУБЛИКАЦИИ ИЛИ ПРОИЗВОДСТВА |
| Страна публикации |
Российская Федерация |
| 105 ## - ПОЛЕ КОДИРОВАННЫХ ДАННЫХ: ТЕКСТОВЫЕ МАТЕРИАЛЫ, МОНОГРАФИЧЕСКИЕ |
| Кодированные данные о монографическом текстовом документе |
y i 001yy |
| 200 0# - ЗАГЛАВИЕ И СВЕДЕНИЯ ОБ ОТВЕТСТВЕННОСТИ |
| Основное заглавие |
2015 |
| Первые сведения об ответственности |
Федер. служба гос. статистики (Росстат) |
| Последующие сведения об ответственности |
[редкол.: А. Е. Суринов (пред.) и др.] |
| 210 ## - ПУБЛИКАЦИЯ, РАСПРОСТРАНЕНИЕ И ДР. |
| Место издания, распространения и т.д. |
Москва |
| Имя издателя, распространителя и т. д. |
Статистика России |
| Дата издания, распространения и т.д. |
2015 |
| 215 ## - ФИЗИЧЕСКАЯ ХАРАКТЕРИСТИКА |
| Специфическое обозначение материала и объем |
725 с. |
| Сопроводительный материал |
1 электрон. опт. диск (CD-ROM) |
| 320 ## - ПРИМЕЧАНИЯ О НАЛИЧИИ В ДОКУМЕНТЕ БИБЛИОГРАФИИ / УКАЗАТЕЛЯ |
| Текст примечания |
Предм.-алф. указ.: с. 716-723 |
| 461 #0 - УРОВЕНЬ НАБОРА |
| Встроенное поле |
001RU\NLR\bibl\235254 |
| -- |
2001#$aРоссийский статистический ежегодник$eСтат. сб.$fГос. ком. Рос. Федерации по статистике (Госкомстат России)$v2015 |
| Системный номер (АБИС) связанной записи |
1345465 |
| Место публикации |
М. |
| Дата публикации |
2001 |
| Издание |
[Офиц. изд.] |
| Первые сведения об ответственности |
Гос. ком. Рос. Федерации по статистике (Госкомстат России) |
| Параллельное заглавие |
Russian statistical yearbook |
| Имя издателя, распространителя и т.д. |
Госкомстат России |
| Сведения, относящиеся к заглавию |
Стат. сб. |
| Заглавие |
Российский статистический ежегодник |
| Номер тома |
2015 |
| 702 #1 - ИМЯ ЛИЦА - ВТОРИЧНАЯ ОТВЕТСТВЕННОСТЬ |
| Начальный элемент ввода |
Суринов |
| Часть имени, кроме начального элемента ввода |
А. Е. |
| Даты |
1958- |
| Расширение инициалов личного имени |
Александр Евгеньевич |
| Код отношения |
Редактор |
| 942 ## - ДОПОЛНИТЕЛЬНЫЕ ЭЛЕМЕНТЫ ЗАПИСИ (АБИС) |
| Тип экземпляра АБИС |
Книга |
| 980 ## - КОЛЛЕКЦИЯ |
| Название коллекции |
Национальная библиография |